[Event "AUTO-OPEN-1222"]
[Site "http://www.queenalice.com/game.php?id=445223"]
[Date "2008.8.8"]
[Round "1"]
[White "Mr_Andersen"]
[Black "Fischercat"]
[Result "0-1"]
[WhiteElo "1306"]
[BlackElo "1775"]

1. Nf3 b6 2. Nc3 Bb7 3. e4 e5 4. Nxe5 Bd6 5. d4 Nc6 6. Nxf7 Kxf7 7. Qf3+ Ke8 8.
Bc4 Qf6 9. e5 Qxf3 10. gxf3 Nxd4 11. Bd3 Bxe5 12. Be3 Nxf3+ 13. Ke2 Bd4 14. Bxd4
Nxd4+ 15. Ke3 Bxh1 16. Rxh1 c5 17. Nd5 Rc8 18. Rg1 Nf6 19. c4 Nxd5+ 20. cxd5 Kf7
21. d6 Rc6 22. Ke4 Rxd6 23. Ke5 Re6+ 24. Kd5 Rhe8 25. b4 Nf3 26. Rg3 Nd4 27.
bxc5 bxc5 28. Kxc5 Nc6 29. Rf3+ Rf6 30. Rh3 Rxf2 31. Bc4+ Ke7 32. Re3+ Kd8 33.
Rh3 Rf5+ 34. Kd6 Rf6+ 35. Kd5 Re5# 0-1

[Event "AUTO-OPEN-1222"]
[Site "http://www.queenalice.com/game.php?id=445224"]
[Date "2008.8.8"]
[Round "1"]
[White "Fischercat"]
[Black "Mr_Andersen"]
[Result "1-0"]
[WhiteElo "1754"]
[BlackElo "1321"]

1. e4 e5 2. Bc4 Nf6 3. Nf3 d5 4. exd5 e4 5. Ng5 Bg4 6. Be2 Nxd5 7. Bxg4 Nf4 8.
Nxf7 Kxf7 9. O-O Nc6 10. d3 exd3 11. Bxf4 dxc2 12. Qxc2 Bd6 13. Qf5+ Ke8 14. Nc3
Ne7 15. Qe4 Rf8 16. Bg5 h6 17. Bxe7 Qxe7 18. Qxe7+ Kxe7 19. Rfe1+ Kf6 20. Ne4+
Ke5 21. Rad1 Rf4 22. Nxd6+ Kf6 23. Re6+ Kg5 24. Bf3 cxd6 25. h4+ Rxh4 26. g3 Rh3
27. Rd5# 1-0

[Event "AUTO-OPEN-1222"]
[Site "http://www.queenalice.com/game.php?id=445225"]
[Date "2008.8.8"]
[Round "1"]
[White "Mr_Andersen"]
[Black "Barreto"]
[Result "0-1"]
[WhiteElo "1312"]
[BlackElo "1873"]

1. e4 c5 2. Nf3 e6 3. d4 cxd4 4. Nxd4 Nc6 5. Nb5 d6 6. Nxd6+ Bxd6 7. Nc3 Nf6 8.
Bg5 O-O 9. Nb5 Be5 10. f4 Bxb2 11. e5 Qa5+ 12. Kf2 Ne4+ 13. Kf3 Nd2+ 14. Ke2
Qxb5+ 15. Kxd2 Qb4+ 16. c3 Qxc3+ 17. Ke2 Bxa1 18. a4 h6 19. Bh4 g5 20. fxg5
Qxe5+ 21. Kd2 Rd8+ 22. Bd3 Rxd3+ 23. Kxd3 Nb4+ 24. Kc4 b5+ 25. axb5 Qc3# 0-1

[Event "AUTO-OPEN-1222"]
[Site "http://www.queenalice.com/game.php?id=445226"]
[Date "2008.8.8"]
[Round "1"]
[White "Barreto"]
[Black "Mr_Andersen"]
[Result "1-0"]
[WhiteElo "1854"]
[BlackElo "1313"]

1. e4 e5 2. Nf3 Nc6 3. Bb5 a6 4. Ba4 Nf6 5. O-O b5 6. Bb3 a5 7. a4 b4 8. d4 Nxe4
9. d5 Bc5 10. dxc6 dxc6 11. Qxd8+ Kxd8 12. Nxe5 Be6 13. Bxe6 fxe6 14. Nf7+ Ke7
15. Nxh8 Rxh8 16. Nd2 Ng5 17. Nb3 Bb6 18. Bxg5+ Kf7 19. Rfd1 c5 20. Rd7+ Ke8 21.
Rad1 c6 22. Re7+ Kf8 23. Nxc5 Bxc5 24. Rd8# 1-0

[Event "Challenge"]
[Site "http://www.queenalice.com/game.php?id=464467"]
[Date "2008.9.17"]
[Round "-"]
[White "Thai"]
[Black "Mr_Andersen"]
[Result "0-1"]
[WhiteElo "1344"]
[BlackElo "1296"]

1. e4 e5 2. Qf3 d6 3. Bc4 Nf6 4. d3 Bg4 5. Qf5 Bxf5 6. exf5 d5 7. Bb5+ c6 8. Ba4
d4 9. Nf3 Qd6 10. O-O Nbd7 11. b3 e4 12. dxe4 Nxe4 13. Re1 Nc5 14. Rd1 d3 15.
cxd3 Nxd3 16. Ba3 Nec5 17. Nc3 b5 18. Bxc5 Qxc5 19. Rxd3 bxa4 20. bxa4 Qxf5 21.
Rad1 c5 22. Rd5 Qc2 23. R1d3 c4 24. R3d4 Qxc3 25. h4 Rd8 26. Rxd8+ Ke7 27. R4d7+
Ke6 28. Re8+ Kxd7 29. Re3 Qc1+ 30. Ne1 c3 31. Rd3+ Bd6 32. a5 Qxe1# 0-1

[Event "Challenge"]
[Site "http://www.queenalice.com/game.php?id=475744"]
[Date "2008.10.11"]
[Round "-"]
[White "Maraz"]
[Black "Mr_Andersen"]
[Result "0-1"]
[WhiteElo "1288"]
[BlackElo "1358"]

1. d3 d5 2. e4 Nf6 3. e5 Bg4 4. f3 Bf5 5. g4 Be6 6. exf6 gxf6 7. Bf4 f5 8. g5 f6
9. gxf6 exf6 10. a4 Bb4+ 11. c3 Ba5 12. Qb3 Bc8 13. Qb5+ c6 14. Qb3 Na6 15. d4
Qe7+ 16. Ne2 c5 17. Bh3 c4 18. Qb5+ Qd7 19. Bxf5 Qxb5 20. axb5 Bxf5 21. Nd2 Bc7
22. O-O-O Bd3 23. Ng3 h5 24. h4 Bxf4 25. Rhe1+ Kd8 26. Nf5 Bxf5 27. Re5 fxe5 28.
bxa6 bxa6 29. Rg1 e4 30. Kd1 e3 31. Nf1 Re8 32. Ke2 Rb8 33. Rg5 Bd3+ 34. Ke1
Rxb2 35. Rxd5+ Ke7 36. Ra5 Rb1# 0-1

[Event "Challenge"]
[Site "http://www.queenalice.com/game.php?id=478805"]
[Date "2008.10.17"]
[Round "-"]
[White "sebastiam"]
[Black "Mr_Andersen"]
[Result "1-0"]
[WhiteElo "1574"]
[BlackElo "1366"]

1. e3 e5 2. c4 Nc6 3. Nh3 Nf6 4. Be2 Bc5 5. O-O O-O 6. d4 exd4 7. exd4 Nxd4 8.
b4 Nxe2+ 9. Qxe2 Re8 10. Qf3 Bxb4 11. Bb2 d5 12. Rd1 c6 13. cxd5 cxd5 14. Qg3 d4
15. f3 d3 16. Nd2 Bd6 17. Qh4 b5 18. Ng5 Qb6+ 19. Kf1 a5 20. Bxf6 gxf6 21. Qxh7+
Kf8 22. Qxf7# 1-0

[Event "Let's Play Chess!"]
[Site "http://www.queenalice.com/game.php?id=486171"]
[Date "2008.10.31"]
[Round "-"]
[White "Mr_Andersen"]
[Black "Matrix"]
[Result "0-1"]
[WhiteElo "1371"]
[BlackElo "1715"]

1. e4 e5 2. Nf3 Nf6 3. Nc3 d5 4. d4 exd4 5. Qxd4 c5 6. Qe5+ Be7 7. exd5 Nbd7 8.
Qf4 O-O 9. d6 Nh5 10. Qe4 Bxd6 11. Bg5 f6 12. Bc4+ Kh8 13. O-O-O fxg5 14. Nxg5
Nhf6 15. Qe6 Ne5 16. Rxd6 Bxe6 17. Rxd8 Rfxd8 18. Nxe6 Rd6 19. Nxc5 Nxc4 20.
Nxb7 Rc6 21. b3 Rb8 22. bxc4 Rxb7 23. Rd1 h6 24. Rd8+ Kh7 25. Ne2 Rxc4 26. Rd4
Rxd4 27. Nxd4 Ng4 28. Nf3 Nxf2 29. h4 a5 30. Nd4 Ne4 31. g4 Nf2 32. g5 hxg5 0-1